Analýza prístupu k riadeniu a plánovaniu projektov bakalárska práca

Enregistré dans:
Détails bibliographiques
Auteur principal: Juríček, Martin
Collectivité auteur: Fakulta hospodárskej informatiky EU. Katedra aplikovanej informatiky
Autres auteurs: Horniaková, Veronika, 1990-
Format: Livre
Langue:slovaque
Publié: Bratislava 2020
Tags: Ajouter un tag
Pas de tags, Soyez le premier à ajouter un tag!

MARC

LEADER 00000nbm a2200000 4500
001 0264652
005 20210510105539.5
041 0 |a slo 
044 |a SK 
245 1 0 |a Analýza prístupu k riadeniu a plánovaniu projektov  |b bakalárska práca  |c Martin Juríček ; školiteľ: Veronika Horniaková 
264 1 |a Bratislava  |c 2020 
300 |a 51 s. 
100 1 |a Juríček, Martin 
700 1 |a Horniaková, Veronika, 1990- 
710 2 |a Fakulta hospodárskej informatiky EU. Katedra aplikovanej informatiky